Дело поднесении государю императору сочинения студента Старчевского и о пожаловании ему в пособие 100 червонных на издание "Собр...

Доступно только в Электронных читальных залах Найти на картеНа карте
RUSMARC
00004044nmc2a22002653x 450
001863772ab-2939-4096-9f90-9c578331038f
00520250621130811.0
100##$a20241206l18411845k l0rusy0189 ca
1010#$arus
$ager
$afre
102##$aRU
105##$ay###
1222#$ad
2001#$aДело поднесении государю императору сочинения студента Старчевского и о пожаловании ему в пособие 100 червонных на издание "Собрания материалов для русской истории". Тут же об определении доктора Кене профессором в Дерптский университет
$j24 ноября 1841 г. - 12(24) января 1845 г.
215##$a40 л.
$d36,5х26 см
251##$cДело
300##$aНа обложке указано: "№90"
300##$aНа обложке имеются карандашные пометы
300##$aНа русском, немецком и французском языках
371##$aДокумент не является опубликованным и широко распространяемым
461#0$10012b5b8419-5ce4-4d16-a7a3-85720a295f1f
$12001
$aКанцелярия министра народного просвещения
$1251
$cФонд
$1852
$j735
462#0$1001562cc287-b13c-4f02-8029-f81535ba1e2e
$12001
$aКанцелярия министра народного просвещения
$1251
$cОпись
$1852
$j2
801#0$aRU
$bРГИА
$c20241206
$gRCR
801#1$aRU
$bГлавНИВЦ
$c20241206
$2rusmarc
801#2$aRU
$bПБ им. Б.Н. Ельцина
$c20250621
$gRCR
$2rusmarc
850##$aРГИА
852##$aРГИА
$eФедеральное казенное учреждение "Российский государственный исторический архив" (РГИА)
$j271
937##$hРГИА
$d12420948
$aASBIBLIO_SCAN
035##$aRusGRCC00083061
856##$uhttp://readingroom.main.prlib.ru/item.aspx?id_node=n196841013&mode=full
Формат отображения